LEADER 01263nam a2200229 i 4500 001 000000229549 003 CaOOAMICUS 005 20231023141106.0 008 140513s1603 it u000 u lat u 026 $arao- ume- etp- uoue (3) 1603 (R) 040 $aSeMil$bita 100 1 $aAngriani, Michele,$c.$0(OLS)http://semarc/name/13636 245 10$aTomus 3. 300 $a627, [129] p. 500 $aContiene i Salmi 109-150 500 $aMarca editoriale: In cornice figurata: Salvator Mundi: Gesł benedice con la destra e tiene nella sinistra un globo sormontato da una croce. Paesaggio con edifici sullo sfondo (O485) Sul front. 500 $aSegn.: A-2P8 2Q4 2R6 3A-3H8 773 0 $aAngriani, Michele $tCommentaria in psalmos Davidicos auctoris incogniti. Nunc vero cogniti R. P. Michaelis Ayguani Bonon. ord. Carmelitarum, ... In tres tomos divisa. Cum additionibus nouiter desumptis ex commentarijs manuscriptis eiusdem auctoris. Adiectis indicibus psal. versic. ac senten. principalium.$dVenetiis : Apud Jo: Guerilium, 1603$g3$w()29863 850 $aSeMil 852 $aSeMil$W1$xVenegono$y1$m2V II 58 FA$j179895$B179895$CSeMilBibl$Z2$F191000 $8I 996 $6245$aTomus 3$9(OLS)http://semarc/title/70582 LEADER 00856nam a2200193 i 4500 001 000000117812 003 CaOOAMICUS 005 20040108000000.0 008 040108s1959 it u000 u ita u 013 $a90503 040 $aSeMil$bita 100 1 $aTragella, Giovanni Battista.$0(OLS)http://semarc/name/4857 245 10$aDalla morte del fondatore all'appello dei vescovi d'Italia per le vocazioni :$b1862-1882. 300 $a517 p. :$bill. 773 0 $aTragella, Giovanni Battista$tMissioni estere di Milano nel quadro degli avvenimenti contemporanei.$w()9871 850 $aSeMil 852 $aSeMil$W1$xVenegono$y1$m186 1 2 *$j73165$B73165$CSeMilBibl$Z2$F76271 $81 961 $aRecupero: Biblioteca Seminario Liceale 996 $6245$aDalla morte del fondatore all'appello dei vescovi d'Italia per le vocazioni :$b1862-1882$9(OLS)http://semarc/title/173008